Spell the Marvel Character #144 - Statistics

General Stats
  • This quiz has been taken 15 times
  • The average score is 10 of 12
Answer Stats
Picture Answer % Correct
Daredevil
100%
Old Man Logan
100%
Spider-Woman
100%
Wasp
100%
Nightcrawler
92%
Shang-Chi
92%
Omega
75%
Swordswoman
75%
White Tiger
75%
Moon Girl
67%
Rage
67%
Aero
42%
No matching quizzes found
Score Distribution
Percent of People with Each Score
Percentile by Number Answered
Your Score History
You have not taken this quiz